Представление документа в формате MARC21

Поле Инд. ПП Название Значение
Тип записи a
Библиографический уровень m
001 Контрольный номер UNIDUBNA347b1f32cf6d45d28be7b85933b098f0
005 Дата корректировки 20260409124159.5
020 a ISBN 0-387-96537-8
020 a ISBN 3-540-96537-8
040 b Код языка каталог. rus
041 0_ a Код языка текста eng
084 a Индекс другой классификации/Индекс ББК 22
090 a Полочн. индекс 22
x Авторский знак K 38
100 1_ a Автор Kesten H.
q Полное имя Kesten Harry
u Дополнение к имени Кестен Х.
245 10 a Заглавие Percolation Theory and Ergodic Theory of Infinite Particle Systems
246 01 a Другая форма заглавия Теория перколяции и эргодическая теория систем бесконечных частиц
260 a Место издания New York
b Издательство Springer-Verlag Berlin Heidelberg
c Дата издания 1987
300 a Объем 323 p.
336 a Термин вида содержания Текст
337 a Термин типа средства непосредственный
650 04 a Основная рубрика физика
653 0_ a Ключевые слова ОКНОиЭК
655 a Жанр/ форма (устаревшее) научное издание
901 t Тип документа m
952 a Тип литературы для КСУ ВШ НАУ